Online katalóg knižníc regiónu Turca

Jed nášho milovania (Record no. 22405)

MARC details
000 -LEADER
fixed length control field 00995cam a2200337 a 4500
001 - CONTROL NUMBER
control field 22405
003 - CONTROL NUMBER IDENTIFIER
control field SK-KTurca
005 - DATE AND TIME OF LATEST TRANSACTION
control field 20260327152749.0
008 - FIXED-LENGTH DATA ELEMENTS--GENERAL INFORMATION
fixed length control field 240318s2009 xo g 000 jdslo
015 ## - NATIONAL BIBLIOGRAPHY NUMBER
National bibliography number SNBA2009/11-05517
020 ## - INTERNATIONAL STANDARD BOOK NUMBER
International Standard Book Number 9788055119700
Qualifying information (viaz.)
035 ## - SYSTEM CONTROL NUMBER
System control number 8DF88B4D-0087-412B-A20A-C70B1FF6F2E0
035 ## - SYSTEM CONTROL NUMBER
System control number urn:nbn:sk:snk-amk1qj
035 ## - SYSTEM CONTROL NUMBER
System control number urn:nbn:sk:snk-am008645
040 ## - CATALOGING SOURCE
Original cataloging agency PPPK
Language of cataloging slo
Transcribing agency PPPK
Modifying agency SNK
Description conventions AACR2
041 0# - LANGUAGE CODE
Language code of text/sound track or separate title slo
044 ## - COUNTRY OF PUBLISHING/PRODUCING ENTITY CODE
MARC country code xo
ISO country code SK
072 #7 - SUBJECT CATEGORY CODE
Subject category code 821.162.4-3
Subject category code subdivision Slovenská próza
Source konspekt
080 ## - UNIVERSAL DECIMAL CLASSIFICATION NUMBER
Universal Decimal Classification number 821.162.4-32
Edition identifier 2001
080 ## - UNIVERSAL DECIMAL CLASSIFICATION NUMBER
Universal Decimal Classification number 364.63-027.553
Edition identifier 2001
100 1# - MAIN ENTRY--PERSONAL NAME
Personal name Šimulčíková, Jana,
Dates associated with a name 1937-2025
Relationship aut
245 10 - TITLE STATEMENT
Title Jed nášho milovania
Statement of responsibility, etc. Jana Šimulčíková
250 ## - EDITION STATEMENT
Edition statement 1. vyd.
260 ## - PUBLICATION, DISTRIBUTION, ETC.
Place of publication, distribution, etc. Bratislava
Name of publisher, distributor, etc. Ikar
Date of publication, distribution, etc. 2009
300 ## - PHYSICAL DESCRIPTION
Extent 167 s.
Dimensions 21 cm
650 07 - SUBJECT ADDED ENTRY--TOPICAL TERM
Topical term or geographic name entry element domáce násilie
Source of heading or term SNKPH
655 #7 - INDEX TERM--GENRE/FORM
Genre/form data or focus term slovenské príbehy
Source of term SNKPH
942 ## - ADDED ENTRY ELEMENTS (KOHA)
Source of classification or shelving scheme Dewey Decimal Classification
Koha item type Krásna literatúra pre dospelých
Suppress in OPAC No
980 ## - EQUIVALENCE OR CROSS-REFERENCE-SERIES STATEMENT--PERSONAL NAME/TITLE [LOCAL, CANADA]
Personal name 821.162.4-32
Holdings
Stav vyradenia Strata Poškodenie Spôsob nadobudnutia Domovská knižnica Aktuálna knižnica Dátum nadobudnutia Cena Total checkouts Čiarový kód exemplára Date last seen Typ exemplára
      Kúpa Obecná knižnica Horná Štubňa Obecná knižnica Horná Štubňa 27.03.2026 8.15   9788055119700 27.03.2026 Krásna literatúra pre dospelých
Projekt je podporený Slovenskou asociáciou knižníc
Prevádzkuje Turčianska knižnica Martin 2026